আত্নচরিত : সংযোজন, ইংলন্ডের ডায়েরী, Men I have seen /
Autobiography of a 19th century Bengali author and Brahma-samaj member from Bengal, India.
| 第一著者: | |
|---|---|
| フォーマット: | 図書 |
| 言語: | Bengali English |
| 出版事項: |
কলকাতা :
দে'জ পাবলিশিং,
২০০৩.
|
| 版: | 1. De'ja saṃskaraṇa. |
| 主題: | |
| Classic Catalogue: | View this record in Classic Catalogue |
| LEADER | 02084nam a2200421 a 4500 | ||
|---|---|---|---|
| 001 | 38337 | ||
| 003 | BD-DhAAL | ||
| 005 | 20220406104929.0 | ||
| 008 | 220406r20031918ii a 000 0aben d | ||
| 999 | |c 43995 |d 43995 | ||
| 010 | |a 2003312941 | ||
| 020 | |a 8176129593 | ||
| 025 | |a I-B-2003-312941; 03; 21 | ||
| 035 | |a (DLC) 2003312941 | ||
| 037 | |b Library of Congress -- New Delhi Overseas Office |c Rs250.00 | ||
| 040 | |a DLC |c DLC |d BD-DhAAL | ||
| 041 | 0 | |a ben |a eng | |
| 042 | |a lcode | ||
| 043 | |a a-ii--- | ||
| 050 | 0 | 0 | |a PK1718.S347 |b Z463 2003 |
| 082 | |a 891.445092 |2 23 | ||
| 100 | 1 | |a শাস্ত্রী, শিবনাথ, |d ১৮৪৭-১৯১৯. |9 47782 | |
| 245 | 1 | 0 | |a আত্নচরিত : |b সংযোজন, ইংলন্ডের ডায়েরী, Men I have seen / |c শিবনাথ শাস্ত্রী |
| 246 | |a Atmacharit : |b with Englander diary and men I have seen | ||
| 250 | |a 1. De'ja saṃskaraṇa. | ||
| 260 | |a কলকাতা : |b দে'জ পাবলিশিং, |c ২০০৩. | ||
| 300 | |a ২১, ৫২০ পৃষ্ঠা : |b চিত্র ; |c ২২ সে.মি. | ||
| 500 | |a "Prasaṅga, Śibanātha Śāstrī, Rabīndranātha Ṭhākura, Rāmānanda Caṭṭopādhyaẏa, Girijāśaṅkara Rāẏacaudhurī, Bipinacandra Pāla, Premāṅkura Ātarthī." | ||
| 500 | |a Originally published: Kalikātā : Prabāsī Kāryālaẏa, 1918. | ||
| 520 | |a Autobiography of a 19th century Bengali author and Brahma-samaj member from Bengal, India. | ||
| 541 | |a Donated By Akbar Ali Khan |e 38337 | ||
| 546 | |a In Bengali; one article in English. | ||
| 600 | 1 | 0 | |a Śāstrī, Śibanātha, |d 1847-1919. |9 47783 |
| 650 | 0 | |a Authors, Bengali |y 19th century |v Biography. |9 47784 | |
| 650 | 0 | |a Brahma-samaj members |z India |z Bengal |v Biography. |9 47785 | |
| 852 | |a Ayesha Abed Library |c Akbar Ali Khan Collection | ||
| 942 | |2 ddc |c BK | ||
| 952 | |0 0 |1 0 |2 ddc |4 0 |6 891_445092000000000_SAS |7 1 |9 70403 |a BRACUL |b BRACUL |c AAKC |d 2022-04-06 |e Donated by Akbar Ali Khan |l 0 |o 891.445092 SAS |p 3010038337 |r 2022-04-06 |t 1 |w 2022-04-06 |y BK | ||